000 00419nam a2200181Ia 4500
001 13490
005 20260306164805.0
008 260306t2001||||xx |||||||||||||| ||spa||
041 _aESP
082 _a004.36
_bC86
100 _aCoulouris, George
_eAUT
245 0 _aSistemas distribuidos:
_bconceptos y diseƱo
260 _c2001
300 _a
_c
650 _aGEN
654 _aCCC
942 _cLIB
_dJUS
_fJUS
_2ddc
_n
999 _c13490
_d13490